000 00599nam a2200181Ia 4500
008 100917s9999 xx 000 0 und d
082 _b31592
100 _aवैद्य ब. ल.
245 _aआरोग्यासाठी योगासने
260 _bमॅजिस्टिक प्रकाशन
_c1977
300 _a119
365 _b8.5
520 _aव्यायाम
630 _aआरोग्यासाठी योगासने
650 _aव्यायाम
730 _aआरोग्यासाठी योगासने
942 _cBOOK
999 _c636986
_d636983